000 00609nam a22001937a 4500
999 _c192326
_d192326
005 20220919151207.0
010 _aENG-135126
020 _a9780199467204
_c200.00
035 _aEN-118658
037 _bDBAD / PUB
082 _a882.83
100 _aShakespeare, William
245 _aThe Tempest/
_cWilliam Shakespeare ; Edited By J.R.Sutherland
260 _aNew Delhi
_bOxford University Press
_c2016
270 _aYMCA Library Building , 1 Jai Singh Road
_bNew Delhi
_e110001
300 _a183p.
_c21cm(pbk)
_bAppendix
700 _aSutherland, J.R.
942 _2ddc
_cEN
_mSHA
_h882.83